| 000 | 00440nam a22001577a 4500 | ||
|---|---|---|---|
| 003 | OSt | ||
| 005 | 20150909150253.0 | ||
| 008 | 150909b xxu||||| |||| 00| 0 eng d | ||
| 040 | _cRUA | ||
| 082 | _aAGR ដួង1993 B006 Or.1 | ||
| 100 |
_9180 _aដួង រតនា |
||
| 245 | _aការកែច្នៃផលិតផលជ័រកៅស៊ូ | ||
| 260 |
_aPhnom Penh _bRUA _c1993 |
||
| 300 |
_a76p. _bill. _c29cm. |
||
| 942 |
_2ddc _cAGR |
||
| 999 |
_c161 _d161 |
||